| 000 | 00644nam a22001817a 4500 | ||
|---|---|---|---|
| 005 | 20260227101759.0 | ||
| 008 | 260227b |||||||| |||| 00| 0 eng d | ||
| 020 | _a9781394243549 (pbk) | ||
| 040 | _cPK-LaUMT | ||
| 082 |
_a658.4038011 _bTUR-I |
||
| 100 |
_aTurban, Efraim _99568 |
||
| 245 |
_aInformation technology for management : _bnavigating the digital divide to enhance local and global performance, growth, and sustainability / _cby Efraim Turban, Carol Pollard and Gregory Wood |
||
| 250 | _a13th ed. | ||
| 260 |
_aHoboken : _bJohn Wiley, _c2025 |
||
| 300 | _a688 p. | ||
| 650 |
_aManagement information systems _92853 |
||
| 942 | _cBK | ||
| 999 |
_c139935 _d139935 |
||